<?xml version="1.0" encoding="UTF-8"?>
<record
    xmlns:xsi="http://www.w3.org/2001/XMLSchema-instance"
    xsi:schemaLocation="http://www.loc.gov/MARC21/slim http://www.loc.gov/standards/marcxml/schema/MARC21slim.xsd"
    xmlns="http://www.loc.gov/MARC21/slim">

  <leader>00626nam a2200133Ia 4500</leader>
  <controlfield tag="008">120626s9999    xx            000 0 und d</controlfield>
  <datafield tag="020" ind1=" " ind2=" ">
    <subfield code="a">968-24-0131-3</subfield>
  </datafield>
  <datafield tag="245" ind1="1" ind2="0">
    <subfield code="a">Bases psicol&#xF3;gicas de la educaci&#xF3;n </subfield>
    <subfield code="c">Morris L. Bigge.</subfield>
  </datafield>
  <datafield tag="260" ind1=" " ind2=" ">
    <subfield code="a">M&#xE9;xico</subfield>
    <subfield code="b">Trillas</subfield>
  </datafield>
  <datafield tag="300" ind1=" " ind2=" ">
    <subfield code="a">736 paginas.</subfield>
  </datafield>
  <datafield tag="500" ind1=" " ind2=" ">
    <subfield code="a">Traducci&#xF3;n de: Psichological Foundations of Education
Lic. Max, Pedagog&#xED;a, Psicolog&#xED;a educativa, B03, Teor&#xED;a del Aprendizaje, B09 L3, Teor&#xED;as Sociol&#xF3;gicas de la Educaci&#xF3;n I, B15 L2 Contiene: prefacio\ pr&#xF3;logo\ &#xED;ndice de contenido\ &#xED;ndice  onom&#xE1;stico\ &#xED;ndice de materias</subfield>
  </datafield>
  <datafield tag="650" ind1="1" ind2="7">
    <subfield code="a">PSICOPEDAGOG&#xCD;A</subfield>
  </datafield>
  <datafield tag="942" ind1=" " ind2=" ">
    <subfield code="c">LB</subfield>
    <subfield code="2">ddc</subfield>
  </datafield>
  <datafield tag="952" ind1=" " ind2=" ">
    <subfield code="0">0</subfield>
    <subfield code="1">0</subfield>
    <subfield code="4">0</subfield>
    <subfield code="7">0</subfield>
    <subfield code="a">07</subfield>
    <subfield code="b">07</subfield>
    <subfield code="d">2008-12-30</subfield>
    <subfield code="l">3</subfield>
    <subfield code="o">LB1051 B44618 1970</subfield>
    <subfield code="p">07 001373</subfield>
    <subfield code="r">2024-06-05</subfield>
    <subfield code="s">2017-10-06</subfield>
    <subfield code="t">1</subfield>
    <subfield code="w">2012-06-26</subfield>
    <subfield code="y">LB</subfield>
  </datafield>
  <datafield tag="952" ind1=" " ind2=" ">
    <subfield code="0">0</subfield>
    <subfield code="1">0</subfield>
    <subfield code="4">0</subfield>
    <subfield code="7">0</subfield>
    <subfield code="a">07</subfield>
    <subfield code="b">07</subfield>
    <subfield code="d">2010-11-05</subfield>
    <subfield code="l">2</subfield>
    <subfield code="o">LB1051 B44618 1970</subfield>
    <subfield code="p">07 001374</subfield>
    <subfield code="r">2024-06-05</subfield>
    <subfield code="s">2019-10-02</subfield>
    <subfield code="t">2</subfield>
    <subfield code="w">2012-06-26</subfield>
    <subfield code="y">LB</subfield>
  </datafield>
  <datafield tag="952" ind1=" " ind2=" ">
    <subfield code="0">0</subfield>
    <subfield code="1">0</subfield>
    <subfield code="4">0</subfield>
    <subfield code="7">0</subfield>
    <subfield code="a">07</subfield>
    <subfield code="b">07</subfield>
    <subfield code="d">2011-08-11</subfield>
    <subfield code="l">0</subfield>
    <subfield code="o">LB1051 B44618 1970</subfield>
    <subfield code="p">07 002042</subfield>
    <subfield code="r">2012-06-26</subfield>
    <subfield code="t">3</subfield>
    <subfield code="w">2012-06-26</subfield>
    <subfield code="y">LB</subfield>
  </datafield>
  <datafield tag="952" ind1=" " ind2=" ">
    <subfield code="0">0</subfield>
    <subfield code="1">0</subfield>
    <subfield code="4">0</subfield>
    <subfield code="7">0</subfield>
    <subfield code="a">07</subfield>
    <subfield code="b">07</subfield>
    <subfield code="d">2011-10-01</subfield>
    <subfield code="l">2</subfield>
    <subfield code="o">LB1051 B44618 1970</subfield>
    <subfield code="p">07 002143</subfield>
    <subfield code="r">2017-10-03</subfield>
    <subfield code="s">2017-10-03</subfield>
    <subfield code="t">4</subfield>
    <subfield code="w">2012-06-26</subfield>
    <subfield code="y">LB</subfield>
  </datafield>
  <datafield tag="952" ind1=" " ind2=" ">
    <subfield code="0">0</subfield>
    <subfield code="1">0</subfield>
    <subfield code="2">lcc</subfield>
    <subfield code="4">0</subfield>
    <subfield code="7">0</subfield>
    <subfield code="a">07</subfield>
    <subfield code="b">07</subfield>
    <subfield code="d">2012-11-14</subfield>
    <subfield code="l">2</subfield>
    <subfield code="o">LB1051 B44618 1970</subfield>
    <subfield code="p">07 003572</subfield>
    <subfield code="r">2024-06-05</subfield>
    <subfield code="s">2014-09-22</subfield>
    <subfield code="t">5</subfield>
    <subfield code="w">2012-11-14</subfield>
    <subfield code="y">LB</subfield>
  </datafield>
  <datafield tag="952" ind1=" " ind2=" ">
    <subfield code="0">0</subfield>
    <subfield code="1">0</subfield>
    <subfield code="2">lcc</subfield>
    <subfield code="4">0</subfield>
    <subfield code="7">0</subfield>
    <subfield code="a">07</subfield>
    <subfield code="b">07</subfield>
    <subfield code="d">2012-11-26</subfield>
    <subfield code="l">1</subfield>
    <subfield code="o">LB1051 B44618 1970</subfield>
    <subfield code="p">07 003668</subfield>
    <subfield code="r">2012-11-29</subfield>
    <subfield code="s">2012-11-29</subfield>
    <subfield code="t">6</subfield>
    <subfield code="w">2012-11-26</subfield>
    <subfield code="y">LB</subfield>
  </datafield>
  <datafield tag="952" ind1=" " ind2=" ">
    <subfield code="0">0</subfield>
    <subfield code="1">0</subfield>
    <subfield code="2">lcc</subfield>
    <subfield code="4">0</subfield>
    <subfield code="7">0</subfield>
    <subfield code="a">07</subfield>
    <subfield code="b">07</subfield>
    <subfield code="d">2012-11-26</subfield>
    <subfield code="l">8</subfield>
    <subfield code="m">2</subfield>
    <subfield code="o">LB1051 B44618 1970</subfield>
    <subfield code="p">07 003669</subfield>
    <subfield code="r">2024-09-26</subfield>
    <subfield code="s">2019-11-19</subfield>
    <subfield code="t">7</subfield>
    <subfield code="w">2012-11-26</subfield>
    <subfield code="y">LB</subfield>
  </datafield>
  <datafield tag="999" ind1=" " ind2=" ">
    <subfield code="c">66626</subfield>
    <subfield code="d">66626</subfield>
  </datafield>
</record>
